All Countries and Capitals - Statistics

General Stats
  • This quiz has been taken 31 times
  • The average score is 291 of 396
Answer Stats
Country/Capital % Correct
Brazil
92%
Canada
92%
Central African Republic
92%
Chile
92%
Colombia
92%
Ecuador
92%
El Salvador
92%
Paraguay
92%
Peru
92%
United States
92%
Uruguay
92%
Venezuela
92%
Afghanistan
88%
Albania
88%
Antigua and Barbuda
88%
Argentina
88%
Belize
88%
Costa Rica
88%
Denmark
88%
Dominica
88%
Dominican Republic
88%
Grenada
88%
Guatemala
88%
Guatemala City
88%
Guyana
88%
Haiti
88%
Honduras
88%
Iceland
88%
Jamaica
88%
Mexico
88%
Mexico City
88%
Nicaragua
88%
Portugal
88%
Saint Kitts and Nevis
88%
Saint Lucia
88%
Saint Vincent and the Grenadines
88%
Spain
88%
Suriname
88%
United Kingdom
88%
Washington D.C
88%
Algeria
84%
Andorra
84%
Armenia
84%
Australia
84%
Azerbaijan
84%
Bahamas
84%
Barbados
84%
Belarus
84%
Belgium
84%
Bolivia
84%
Bosnia and Herzegovina
84%
Brasilia
84%
Cuba
84%
Egypt
84%
Eritrea
84%
Estonia
84%
Ethiopia
84%
Finland
84%
France
84%
Germany
84%
Greece
84%
Hungary
84%
India
84%
Indonesia
84%
Iran
84%
Iraq
84%
Israel
84%
Italy
84%
Japan
84%
Latvia
84%
Lima
84%
Lithuania
84%
Luxembourg
84%
Morocco
84%
North Macedonia
84%
Norway
84%
Ottawa
84%
Romania
84%
Rome
84%
Serbia
84%
Slovakia
84%
Sweden
84%
Switzerland
84%
Trinidad and Tobago
84%
Vatican City
84%
Angola
80%
Austria
80%
Bahrain
80%
Bangkok
80%
Bangladesh
80%
Bogota
80%
Bulgaria
80%
Cambodia
80%
Cape Verde
80%
Caracas
80%
Chad
80%
China
80%
Comoros
80%
Croatia
80%
Cyprus
80%
Czechia
80%
Democratic Republic of the Congo
80%
Djibouti
80%
East Timor
80%
Equatorial Guinea
80%
Eswatini
80%
Gabon
80%
Georgetown
80%
Georgia
80%
Ghana
80%
Guinea
80%
Guinea-Bissau
80%
Ireland
80%
Jordan
80%
Kazakhstan
80%
Kenya
80%
Kosovo
80%
Kuwait
80%
Kuwait City
80%
Kyrgyzstan
80%
Laos
80%
Lesotho
80%
Liberia
80%
Libya
80%
Liechtenstein
80%
Lisbon
80%
London
80%
Madrid
80%
Malaysia
80%
Maldives
80%
Mali
80%
Malta
80%
Marshall Islands
80%
Mauritius
80%
Monaco
80%
Mongolia
80%
Montenegro
80%
Netherlands
80%
New Zealand
80%
Niger
80%
Nigeria
80%
North Korea
80%
Oman
80%
Pakistan
80%
Panama
80%
Panama City
80%
Poland
80%
Republic of the Congo
80%
Reykjavik
80%
Russia
80%
Santiago
80%
Saudi Arabia
80%
Singapore
80%
Slovenia
80%
South Africa
80%
Tajikistan
80%
Tirana
80%
Togo
80%
Tunis
80%
Tunisia
80%
Zimbabwe
80%
Accra
76%
Athens
76%
Benin
76%
Berlin
76%
Botswana
76%
Brunei
76%
Brussels
76%
Bucharest
76%
Budapest
76%
Buenos Aires
76%
Burkina Faso
76%
Burundi
76%
Cairo
76%
Cameroon
76%
Canberra
76%
Copenhagen
76%
Zambia
76%
Helsinki
76%
Jerusalem
76%
Kabul
76%
Kingston
76%
Kingstown
76%
Kiribati
76%
Lebanon
76%
Malawi
76%
Mauritania
76%
Moldova
76%
Montevideo
76%
Mozambique
76%
Myanmar
76%
Namibia
76%
Nauru
76%
Nepal
76%
New Delhi
76%
Oslo
76%
Palau
76%
Paris
76%
Philippines
76%
Quito
76%
Rabat
76%
Rwanda
76%
Samoa
76%
San Marino
76%
San Salvador
76%
Sarajevo
76%
Senegal
76%
Seychelles
76%
Sierra Leone
76%
Skopje
76%
Solomon Islands
76%
Somalia
76%
South Korea
76%
South Sudan
76%
Stockholm
76%
Sudan
76%
Syria
76%
Taiwan
76%
Tallinn
76%
Tanzania
76%
Thailand
76%
Tokyo
76%
Tonga
76%
Turkey
76%
Turkmenistan
76%
Tuvalu
76%
United Arab Emirates
76%
Uzbekistan
76%
Vienna
76%
Vietnam
76%
Warsaw
76%
Yemen
76%
Zagreb
76%
Abu Dhabi
72%
Amsterdam
72%
Andorra La Vella
72%
Asuncion
72%
Baku
72%
Beijing
72%
Belgrade
72%
Bern
72%
Bhutan
72%
Bratislava
72%
Doha
72%
Dublin
72%
Fiji
72%
Gambia
72%
Hanoi
72%
Havana
72%
Ivory Coast
72%
Jakarta
72%
Ljubljana
72%
Madagascar
72%
Minsk
72%
Moscow
72%
Nairobi
72%
Papua New Guinea
72%
Paramaribo
72%
Podgorica
72%
Port-au-prince
72%
Prague
72%
Riga
72%
Santo Domingo
72%
Sao Tome
72%
Sao Tome and Principe
72%
Seoul
72%
Sofia
72%
Ukraine
72%
Valletta
72%
Vanuatu
72%
Vilnius
72%
Wellington
72%
Abuja
68%
Addis Ababa
68%
Algiers
68%
Ankara
68%
Baghdad
68%
Belmopan
68%
Bissau
68%
Dakar
68%
Damascus
68%
Dhaka
68%
Dili
68%
Freetown
68%
Islamabad
68%
Kuala Lumpur
68%
Kyiv
68%
Managua
68%
Manila
68%
Micronesia
68%
Muscat
68%
Nassau
68%
Pristina
68%
Qatar
68%
Saint George’s
68%
Saint John’s
68%
Sana’a
68%
Sri Lanka
68%
Uganda
68%
Vaduz
68%
Astana
64%
Basseterre
64%
Bishkek
64%
Brazzaville
64%
Conakry
64%
Kathmandu
64%
Khartoum
64%
La Paz
64%
Male
64%
Manama
64%
Mogadishu
64%
Phnom Penh
64%
Port Moresby
64%
Port of Spain
64%
Pretoria
64%
Pyongyang
64%
Riyadh
64%
San Jose
64%
Tegucigalpa
64%
Tehran
64%
Tripoli
64%
Vientiane
64%
Yerevan
64%
Beirut
60%
Bridgetown
60%
Cape Town
60%
Castries
60%
Chisinau
60%
Dushanbe
60%
Harare
60%
Kinshasa
60%
Libreville
60%
Luanda
60%
Nicosia
60%
Porto-Novo
60%
Roseau
60%
Sucre
60%
Tashkent
60%
Tbilisi
60%
Ulaanbaatar
60%
Victoria
60%
Amman
56%
Apia
56%
Ashgabat
56%
Bandar Seri Begawan
56%
Lome
56%
Monrovia
56%
Naypyidaw
56%
N’Djamena
56%
Ngerulmud
56%
Port Louis
56%
Port Vila
56%
Sri Jayawardenepura Kotte
56%
Taipei
56%
Windhoek
56%
Yamoussoukro
56%
Yaounde
56%
Asmara
52%
Bamako
52%
Dodoma
52%
Juba
52%
Kampala
52%
Kigali
52%
Lilongwe
52%
Mbabane
52%
Niamey
52%
Praia
52%
Thimphu
52%
Antananarivo
48%
Bangui
48%
Banjul
48%
Gaborone
48%
Funafuti
48%
Honiara
48%
Maseru
48%
Moroni
48%
Nouakchott
48%
Nuku’alofa
48%
Suva
48%
Gitega
44%
Lusaka
44%
Majuro
44%
Malabo
44%
Maputo
44%
South Tarawa
44%
Yaren
44%
Bloemfontein
40%
Ouagadougou
40%
Palikir
40%
Cotonou
24%
No matching quizzes found
Score Distribution
Percent of People with Each Score
Percentile by Number Answered
Your Score History
You have not taken this quiz